000 00639nam a2200205Ia 4500
008 131103s9999 xx 000 0 und d
020 _a067509307 4
040 _aLoreto College
041 _aEnglish
082 _a822.91/SYN
_b#NAME?
100 _aSynge,John Millington
245 _aJohn Millington Synge;edited by David R.Clark
_cJohn Millington Synge;edited by David R.Clark
260 _aColumbus
_bCharles E.Merrill
_c1970
300 _av,136 p.
_c 21 cm.
440 _aThe Merrill Literary Case Book Series
504 _aIncludes bibliographical references
700 _aClark,David R.,ed.
850 _aLCLIB
942 _cBK
999 _c4450
_d54929